书目信息

书名: 欲说 
作者: 梁晓声,
出版信息: 沈阳   辽宁人民出版社  2017.08
开本页数: 24cm  323页
丛书名:
单 册:
中图分类: I2407 I247.57
科图分类:
主题词: 长篇小说--chang pian xiao shuo--中国--当代
电子资源:
ISBN: 978-7-205-08962-7
000 00953nam0 22002531 450
001 0121165732
005 20180621165732.0
010    @a978-7-205-08962-7@dCNY49.00
100    @a20170907d2017 em y0chiy0121 ea
101 @achi
102    @aCN@b210000
105    @ay z 000ay
106    @ar
200 @a欲说@Ayu shuo@f梁晓声著
210    @a沈阳@c辽宁人民出版社@d2017.08
215    @a323页@d24cm
314    @a梁晓声, 当代著名作家、教授、全国政协委员。
330    @a《欲说》讲述了一个草根老板爆发与沉沦的故事。民营企业家王启兆, 号称现代儒商, 坐拥金鼎休闲度假村, 身边有美丽而善解人意的女秘书郑岚, 又与副市长胡崇汉、省委副书记赵慧芝关系扑朔迷离, 似乎世界上没有什么能撼动他为自己编织的金钱与权力之网……
606 @a长篇小说@Achang pian xiao shuo@y中国@z当代
690    @aI2407@v5
690    @aI247.57@v5
701  0 @a梁晓声,@Aliang xiao sheng@f1949-@4著
801  0 @aCN@b人天书店@c20170907
905    @aCKNYKJZYXY@b300585600-2@dI2407@e1830@f3
    
    欲说/梁晓声著.-沈阳:辽宁人民出版社,2017.08
    323页;24cm
    
    
    ISBN 978-7-205-08962-7:CNY49.00
    《欲说》讲述了一个草根老板爆发与沉沦的故事。民营企业家王启兆, 号称现代儒商, 坐拥金鼎休闲度假村, 身边有美丽而善解人意的女秘书郑岚, 又与副市长胡崇汉、省委副书记赵慧芝关系扑朔迷离, 似乎世界上没有什么能撼动他为自己编织的金钱与权力之网……
相关链接 在五车中查询图书 在当当中查询图书 在豆瓣中查询图书


正题名:欲说     索取号:I2407/1830         预约/预借

序号 登录号 条形码 馆藏地/架位号 状态 备注
1 585600   300585600   柳城-3楼/25架9列4层/ [索取号:I2407/1830] 在馆    
2 585601   300585601   柳城-3楼/25架9列4层/ [索取号:I2407/1830] 在馆    
3 585602   300585602   海科密-1楼/33架4列5层/ [索取号:I2407/1830] 在馆